Comprehensive organic functional Group Transformations Volume 2 : Synthesis: carbon with one heteroatom attached by a single bond

Na minha lista:
Detalhes bibliográficos
Outros Autores: Katritzky, Alan R. (ed), Ley, Steven V. (ed)
Formato: Livro
Idioma:inglês
Publicado em: Oxford Elsevier Science 1995
Assuntos:
Acesso em linha:View in OPAC
Tags: Adicionar Tag
Sem tags, seja o primeiro a adicionar uma tag!

MARC

LEADER 00000nam a2200000 a 4500
005 20260127134404.0
008 090522 1995 enk 000 0 eng d
020 |a 0080406041 (set) 
020 |a 008042323X (v.2) 
035 |a vtls009515839 
039 9 |y 200905221145  |z mschk03 
040 |a STUSCHK1  |b slo  |c STUSCHK1  |e AACR2 
245 1 |a Comprehensive organic functional Group Transformations  |n Volume 2 : Synthesis: carbon with one heteroatom attached by a single bond  |c Editors-in Chief Alan R. Katritzky, volume editor Steven V. Ley 
260 |a Oxford  |b Elsevier Science  |c 1995 
300 |a xix,1441 s.  |b il.  |c 28 cm 
650 0 |a organická chémia 
700 1 |a Katritzky, Alan R.  |4 ed 
700 1 |a Ley, Steven V.  |4 ed 
910 |a SCHK95 
919 |a 0-08-040604-1 (set) 
919 |a 0-08-042323-X (v.2) 
999 |c 11550  |d 11550